| 000 -LEADER |
| fixed length control field |
00618nam a22002057a 4500 |
| 008 - FIXED-LENGTH DATA ELEMENTS--GENERAL INFORMATION |
| fixed length control field |
150601b xxu||||| |||| 00| 0 eng d |
| 020 ## - INTERNATIONAL STANDARD BOOK NUMBER |
| International Standard Book Number |
9780028237763 |
| 041 1# - LANGUAGE CODE |
| Language code of text/sound track or separate title |
eng |
| 080 ## - UNIVERSAL DECIMAL CLASSIFICATION NUMBER |
| Universal Decimal Classification number |
930.85 RIT |
| 100 ## - Rafti |
| Rafti |
Bragdon, Henry W. |
| 100 ## - Rafti |
| -- |
1906-1980. |
| 245 00 - TITLE STATEMENT |
| Title |
History of a free nation / |
| Statement of responsibility, etc |
Henry W. Bragdon, Samuel P. McCutchen, Donald A. Ritchie. |
| 260 ## - |
| -- |
New York : |
| -- |
Glencoe/McGraw-Hill, |
| -- |
c1996. |
| 300 ## - |
| -- |
1118 f |
| -- |
me il |
| -- |
30 cm. |
| 500 ## - |
| -- |
index |
| 500 ## - |
| -- |
bibliografi |
| 650 #0 - |
| -- |
United States |
| -- |
History. |
| 700 ## - |
| -- |
McCutchen, Samuel Proctor, |
| 700 ## - |
| -- |
Ritchie, Donald A., |
| 942 ## - ADDED ENTRY ELEMENTS (KOHA) |
| Source of classification or shelving scheme |
|
| Item type |
Books |